| 000 | 00579nam a2200169 a 4500 | ||
|---|---|---|---|
| 001 | 000028426 | ||
| 005 | 20200930054934.0 | ||
| 008 | 110408s2010 dr 000 0 spa d | ||
| 020 | _a9789945003413 | ||
| 040 |
_aDO-SdBNP _bspa _cBNPHU |
||
| 245 | 0 | 0 |
_aSortilegio : _blos cuentos del taller de escritura creativa / _cFrancequa Matheson... [et. al ] ; presentación Newcombe Sosa Santillana. |
| 260 |
_aSanto Domingo : _bEditora Búho, _c2010. |
||
| 300 |
_a127 p. ; _c22 cm. |
||
| 700 | 1 |
_aMatheson, Francequa _955376 |
|
| 700 | 1 |
_aSosa Santillana, Newcombe _955377 |
|
| 049 | _aBNPD | ||
| 999 |
_c27918 _d27918 |
||